000 00513cam a2200217 4500
001 3606571
005 20180212032722.0
008 730508s1973 ilua b 001 0 eng
010 _a 72085350
020 _a0870021230
040 _aDLC
_cDLC
_dDLC
041 _aeng
080 _a640 mar
082 0 0 _a640 mar
100 1 _a54
101 _aman
245 1 0 _aConsumers' management.
504 _aIncludes bibliographies.
906 _a7
_bcbc
_corignew
_d2
_eopcn
_f19
_gy-gencatlg
942 _2ddc
_cBK
999 _c42284
_d42284